000 00653nam a2200157 4500
999 _c15980
_d15980
008 210203b ||||| |||| 00| 0 eng d
022 _a0732-8435
082 _aDPer 657.05 C33 Feb - Aug 2012, v. 82
100 _aMcHugh III, Marion E.
_942864
245 _aAudit firm changes post-Sarbanes Oxley:
_bimpact on the market for the public company audits/
_cMarion E. McHugh III and Paul W. Polinski.
260 _aNew York:
_bThe New York State Society of CPA,
_c©2012.
300 _av82 n5, pages 24-30:
_bcolor illustration;
_c28 cm.
650 _aBusiness enterprises
_xAudit.
_942865
700 _aPolinski, P. W.
_eAuthor.
_942866
942 _2ddc
_cPER